UM Logo

Footloose: (Record no. 15061)

MARC details
000 -LEADER
fixed length control field 00649nam a22002057a 4500
003 - CONTROL NUMBER IDENTIFIER
control field OSt
005 - DATE AND TIME OF LATEST TRANSACTION
control field 20200228162734.0
008 - FIXED-LENGTH DATA ELEMENTS--GENERAL INFORMATION
fixed length control field 181211b ||||| |||| 00| 0 eng d
022 ## - INTERNATIONAL STANDARD SERIAL NUMBER
International Standard Serial Number 00116009
040 ## - CATALOGING SOURCE
Transcribing agency 0
082 ## - DEWEY DECIMAL CLASSIFICATION NUMBER
Classification number DPer 792.805 D19 Mar-Aug 2016 v.90, n.3-8
100 ## - MAIN ENTRY--PERSONAL NAME
Personal name Friscia, Suzannah.
9 (RLIN) 33108
245 ## - TITLE STATEMENT
Title Footloose:
Remainder of title six of the latest ballet slippers to check out/
Statement of responsibility, etc. Suzannah Friscia.
260 ## - PUBLICATION, DISTRIBUTION, ETC. (IMPRINT)
Place of publication, distribution, etc. New York:
Name of publisher, distributor, etc. Dance Media,
Date of publication, distribution, etc. ©Mar- Aug 2016.
300 ## - PHYSICAL DESCRIPTION
Extent v90 n8, page 35.
Other physical details colored illustrations:
Dimensions 25 cm.
500 ## - GENERAL NOTE
General note Dance magazine
650 ## - SUBJECT ADDED ENTRY--TOPICAL TERM
Topical term or geographic name as entry element Ballet
General subdivision Footwear.
9 (RLIN) 33109
650 ## - SUBJECT ADDED ENTRY--TOPICAL TERM
Topical term or geographic name as entry element Ballet
Form subdivision Outfit
9 (RLIN) 33110
942 ## - ADDED ENTRY ELEMENTS (KOHA)
Source of classification or shelving scheme Dewey Decimal Classification
Koha item type Periodicals

No items available.